Studia turistica online časopis pro vzdělávání v cestovním ruchu

Uložené v:
Podrobná bibliografia
Médium: Seriál
Jazyk:Czech
Vydavateľské údaje: Jihlava Vysoká škola polytechnická 2013
Tagy: Pridať tag
Žiadne tagy, Buďte prvý, kto otaguje tento záznam!

MARC

LEADER 00000nas2a2200000 4500
001 0193351
005 20171220121655.5
022 |a 1804-252X 
041 0 |a cze 
044 |a CZ 
245 1 0 |a Studia turistica  |b online časopis pro vzdělávání v cestovním ruchu 
264 1 |a Jihlava  |b Vysoká škola polytechnická  |c 2013 
773 0 |w eu_un_cat*0162078